| 000 | 01333nam a2200289 a 4500 | ||
|---|---|---|---|
| 005 | 20160901144259.0 | ||
| 008 | 160106b2006 ck ad fr||||f00| 0 spa d | ||
| 020 | _a9588067189 | ||
| 040 |
_aCO-BoIAVH _cCO-BoIAVH |
||
| 041 | 0 | _aspa | |
| 044 | _ack | ||
| 082 | 0 | 4 |
_a363.73874 _bI19e |
| 245 | 1 | 0 |
_aEstrategias de reducción de incertidumbres de las variables básicas en la estimación de gases de efecto invernadero (GEI) _bmódulo cambio en el uso de la tierra y silvicultura, energía - sector transporte y agricultura |
| 260 |
_aBogotá : _bIDEAM : _bMinisterio de Ambiente, Vivienda y Desarrollo Territorial : _bUNDP, _c2006. |
||
| 300 |
_a178 páginas : _bilustraciones, tablas ; _c27 x 21 cm. |
||
| 650 | 6 |
_aOrdenación de tierras _zColombia |
|
| 650 | 6 |
_aGestión de tierras agricolas _zColombia |
|
| 650 | 6 |
_aUtilización de la tierra _zColombia |
|
| 650 | 6 |
_aGases de efecto invernadero _xReducción _xEstrategias _zColombia |
|
| 650 | 6 |
_aGestión de la energía _zColombia |
|
| 700 | 1 |
_aCosta Posada, Carlos _eeditor |
|
| 700 | 1 |
_aBuitrago Gómez, César Agusto _eeditor |
|
| 700 | 1 |
_aYepes Rubiano, Luz Dary _eeditora |
|
| 700 | 1 |
_aSierra Urrego, Magda Mallen _eeditora |
|
| 700 | 1 |
_aGutiérrez Arias, María Margarita _eeditora |
|
| 942 |
_cLIBRO _2ddc |
||
| 999 |
_c5485 _d5485 |
||